Vzdelávanie a príprava pre trh práce

Pri určovaní obsahu a rozsahu vzdelávania a prípravy pre trh práce sa vychádza z doterajšej úrovne odborných vedomostí, zručností a schopností uchádzača o zamestnanie a zamestnanca tak, aby boli účelne využité pri získavaní nových odborných vedomostí a zručností. Ako sa vykonáva vzdelávanie a prípra...

Ausführliche Beschreibung

Gespeichert in:
Bibliographische Detailangaben
1. Verfasser: Petríková, Lucia
Format: Buchkapitel
Sprache:Slowakisch
Schlagworte:
Tags: Tag hinzufügen
Keine Tags, Fügen Sie das erste Tag hinzu!

MARC

LEADER 00000naa a2200000 4500
001 0252199
005 20190319141839.3
041 0 |a slo 
044 |a SK 
245 1 0 |a Vzdelávanie a príprava pre trh práce  |c Lucia Petríková 
520 |a Pri určovaní obsahu a rozsahu vzdelávania a prípravy pre trh práce sa vychádza z doterajšej úrovne odborných vedomostí, zručností a schopností uchádzača o zamestnanie a zamestnanca tak, aby boli účelne využité pri získavaní nových odborných vedomostí a zručností. Ako sa vykonáva vzdelávanie a príprava pre trh práce. Aké sú oprávnené náklady na vzdelávanie a prípravu pre trh práce. 
610 2 0 |a vzdelávanie 
610 2 0 |a vedomosti 
610 2 0 |a zručnosti 
610 2 0 |a zamestnanci 
610 2 0 |a zamestnávatelia 
610 2 0 |a úrady práce 
610 2 0 |a náklady 
610 2 0 |a trh práce 
610 2 0 |a legislatíva 
610 2 0 |a služby zamestnanosti 
100 1 |a Petríková, Lucia